00656nam a2200193 i 4500001000700000003000900007005001700016007000300033008004100036080001700077100003000094245011200124260004200236300002200278490005200300700004000352830004900392852002100441107986ES-MaACL20250829080510.0t|070108s1969 sp |||| | spa d a86-321.2"18"1 aAlas, Leopoldod1852-190110aDoña Berta y otros relatos / cLeopoldo Alas, "Clarín"; prólogo de José María Martínez Cachero. aEstella (Navarra) : bSalvat, c1969. a188 p. ; c19 cm.1 aBiblioteca básica Salvat de Libros RTV ; v381 aMartínez Cachero, José María.00aBiblioteca básica Salvat de libros RTVv38 aES-MaACLjE-2959